000
00325nam a22001457a 4500
020
_a
8186535373
082
_a
664.001579
_b
ADA/FO
100
_a
Adams, M.R
245
_a
Food microbiology
250
_a
2
260
_a
New Delhi
_b
Panima Publishing Corporation
_c
2004
300
_a
479p
700
_a
Moss, M.O
942
_c
BK
999
_c
14050
_d
14050